书目信息 |
| 题名: |
冰冻圈变化的生态过程与碳循环影响
|
|
| 作者: | 王根绪 , 宜树华 著 | |
| 分册: | ||
| 出版信息: | 北京 科学出版社 2019 |
|
| 页数: | 334页 | |
| 开本: | 27cm | |
| 丛书名: | 《冰冻圈变化及其影响研究》丛书 | |
| 单 册: | ||
| 中图分类: | P343.6 , X511 | |
| 科图分类: | ||
| 主题词: | 冰川学--bing chuan xue--影响--碳循环--研究 | |
| 电子资源: | ||
| ISBN: | 978-7-03-061762-0 | |
| 000 | 01702nam 2200313 45 | |
| 001 | 012001003351 | |
| 005 | 20140130104946.0 | |
| 010 | @a978-7-03-061762-0@dCNY268.00 | |
| 099 | @aCAL 012019140317 | |
| 100 | @a20191029d2019 em y0chiy50 ea | |
| 101 | 0 | @achi |
| 102 | @aCN@b110000 | |
| 105 | @aabk a 000yy | |
| 106 | @ar | |
| 200 | 1 | @a冰冻圈变化的生态过程与碳循环影响@Abing dong quan bian hua de sheng tai guo cheng yu tan xun huan ying xiang@f王根绪, 宜树华等著 |
| 210 | @a北京@c科学出版社@d2019 | |
| 215 | @a334页@c图, 地图@d27cm | |
| 225 | 2 | @a《冰冻圈变化及其影响研究》丛书@A《 bing dong quan bian hua ji qi ying xiang yan jiu》 cong shu |
| 300 | @a“十三五”国家重点出版物出版规划项目 全球变化研究国家重大科学研究计划“冰冻圈变化及其影响研究”项“冰冻圈变化的生态过程及其对循环的影响”课题(2013CBAO1807) 国家自然科学基金重大研究计划重点项目“三江源区径流形成与变化机制及其冻土生态水文过程模拟”(91547203) 国家自然科学基金面上项目“全球变暖背景下多年冻土区高寒草地生产力对冬春降水量増加的响应过程与作用机制”(41571204) | |
| 320 | @a有书目 (第306-334页) | |
| 330 | @a本书系统阐明了冰冻圈变化对生态系统及其碳循环的影响程度、作用机制、时空变异性与未来趋势。利用基于过程的植被动态模型和陆面过程模型等为基础,发展冻土和积雪变化驱动的寒区植被动态模型,模拟研究不同类型多年冻土区生态系统格局及其碳收支等的变化,并预估未来不同冰冻圈变化情境下寒区生态系统及其碳循环变化趋势。 | |
| 410 | 0 | @12001 @a《冰冻圈变化及其影响研究》丛书 |
| 606 | 0 | @a冰川学@Abing chuan xue@x影响@x碳循环@x研究 |
| 690 | @aP343.6@v5 | |
| 690 | @aX511@v5 | |
| 701 | 0 | @a王根绪@Awang gen xu@4著 |
| 701 | 0 | @a宜树华@Ayi shu hua@4著 |
| 801 | 0 | @aCN@b北京卓展@c20191020 |
| 905 | @b1211319-20@dP343.6@e157@f2 | |
| 冰冻圈变化的生态过程与碳循环影响/王根绪, 宜树华等著.-北京:科学出版社,2019 |
| 334页:图, 地图;27cm.-(《冰冻圈变化及其影响研究》丛书) |
| “十三五”国家重点出版物出版规划项目 全球变化研究国家重大科学研究计划“冰冻圈变化及其影响研究”项“冰冻圈变化的生态过程及其对循环的影响”课题(2013CBAO1807) 国家自然科学基金重大研究计划重点项目“三江源区径流形成与变化机制及其冻土生态水文过程模拟”(91547203) 国家自然科学基金面上项目“全球变暖背景下多年冻土区高寒草地生产力对冬春降水量増加的响应过程与作用机制”(41571204) |
| ISBN 978-7-03-061762-0:CNY268.00 |
| 本书系统阐明了冰冻圈变化对生态系统及其碳循环的影响程度、作用机制、时空变异性与未来趋势。利用基于过程的植被动态模型和陆面过程模型等为基础,发展冻土和积雪变化驱动的寒区植被动态模型,模拟研究不同类型多年冻土区生态系统格局及其碳收支等的变化,并预估未来不同冰冻圈变化情境下寒区生态系统及其碳循环变化趋势。 |
| ● |
| 相关链接 |
|
|
|
|
正题名:冰冻圈变化的生态过程与碳循环影响
索取号:P343.6/157
 
预约/预借
| 序号 | 登录号 | 条形码 | 馆藏地/架位号 | 状态 | 备注 |
| 1 | 1211319 | 212113194 | 第二样本阅览室/ [索取号:P343.6/157] | 在馆 | |
| 2 | 1211320 | 212113201 | 第三借阅区/ [索取号:P343.6/157] | 在馆 |